Thickness design asphalt pavement for highways and streets

Furkejuvvon:
Bibliográfalaš dieđut
Searvvušdahkki: Asphalt Institute (Dahkki)
Materiálatiipa: Girji
Giella:eaŋgalasgiella
Almmustuhtton: Lexington Asphalt Institute 1991
Ráidu:Manual Series, 1
Fáttát:
Fáddágilkorat: Lasit fáddágilkoriid
Eai fáddágilkorat, Lasit vuosttaš fáddágilkora!

MARC

LEADER 00000nam a2200000 a 4500
001 UCP1481
003 CL-VaPUC
008 990416e19910000US |||||||||||||||||eng|d
082 0 4 |a 625.85  |b ASP  |2 21 
110 2 |a Asphalt Institute  |e author  |9 427537 
245 1 0 |a Thickness design asphalt pavement for highways and streets 
300 |a 98 p 
942 |c BK 
945 |d 19990416 00:00:00  |a rbrito 
260 |a Lexington  |b Asphalt Institute  |c 1991 
650 0 |a Asfalto  |9 262568 
650 0 |a Construcción de carreteras  |9 260999 
650 0 |a Carreteras  |9 260132 
650 0 |a Mantenimiento  |9 271710 
650 7 |a MATERIALES BITUMINOSOS  |2 CL-VaPUC  |9 427538 
583 |a last modification  |c 19990416 00:00:00  |k Rodrigo Vera 
490 0 |a Manual Series, 1 
999 |c 280153  |d 280151 
952 |0 0  |1 0  |4 0  |6 625_850000000000000_ASP_1991  |7 0  |8 F  |9 320187  |a BIBING  |b BIBING  |d 2019-11-20  |i 3511502  |o 625.85 ASP 1991  |p 3511502  |r 2025-01-20  |w 2019-11-20  |y BK_F  |k CCL